000 00490nam a2200157 4500
999 _c507165
_d507165
008 190204b ||||| |||| 00| 0 eng d
100 _aHoang, Kimberly Kay
_91010
245 _aRisky investments:
_bhow local and foreign investors finesse corruption-life emerging markets
260 _c2018
300 _ap.657-685.
650 _aGlobalisation
_91011
650 _aEmerging markets
_91012
773 _aAmerican Sociological Review
906 _aInvestments, foreign
942 _2ddc
_cAR